00392 a2200097 4500001001000000005001700010008004100027245010100068100002100169773010400190ART_2596420260410161935.0260409a 10aEl conocimiento tácito y el conocimiento codificado en la economía basada en el conocimiento1 aMontuschi, Luisa0 tAnales de la Academia Nacional de Ciencias Económicasg- Vol. XLVII, (2002) (ene. 2002)wREV25596